[Event "MCR mladeze 2014, Open A"]
[Site "Kouty nad Desnou"]
[Date "2014.03.15"]
[Round "9"]
[White "Zuziak, Petr"]
[Black "Korsa, Jiri"]
[Result "1-0"]
[WhiteElo "1726"]
[BlackElo "1716"]
[PlyCount "22"]
[EventDate "2014.03.08"]

1. e4 e5 2. Nf3 Nc6 3. Bb5 f5 4. d3 fxe4 5. dxe4 Nf6 6. O-O Bc5 7. Qd3 d6 8.
Qc4 a6 9. Bxc6+ bxc6 10. Nxe5 Qe7 11. Nd3 Qxe4 1-0

[Event "MCR mladeze 2014, Open A"]
[Site "Kouty nad Desnou"]
[Date "2014.03.15"]
[Round "9"]
[White "Macek, Oldrich"]
[Black "Miklasova, Emma"]
[Result "1-0"]
[WhiteElo "1672"]
[BlackElo "1590"]
[PlyCount "38"]
[EventDate "2014.03.08"]

1. e4 e5 2. Nf3 Nc6 3. d4 exd4 4. Nxd4 Nf6 5.
Nxc6 bxc6 6. Bd3 d5 7. exd5 cxd5 8. O-O Be7 9. c4 O-O 10. cxd5 Qxd5 11. Nc3 Qd8
12. Qc2 Bb7 13. Rd1 Qb8 14. Bg5 h6 15. Bh4 a6 16. Rac1 Bc8 17. b3 Re8 18. Bc4
Rf8 19. Bxf6 Bxf6 {Necitelny zapis} 1-0

[Event "MCR mladeze 2014, Open A"]
[Site "Kouty nad Desnou"]
[Date "2014.03.15"]
[Round "9"]
[White "Ferkova, Dominika"]
[Black "Ptacek, Jan"]
[Result "1-0"]
[WhiteElo "1590"]
[BlackElo "1621"]
[PlyCount "99"]
[EventDate "2014.03.08"]

1. d4 d5 2. c4 e6 3. Nc3 c5 4. cxd5 exd5 5. Nf3 Nf6 6. g3 Nc6 7. Bg2 Be6 8. O-O
Qc7 9. Bf4 Qb6 10. Na4 Qb5 11. dxc5 Bxc5 12. Nxc5 Qxc5 13. Qb3 Qe7 14. Bg5 Rb8
15. Bf4 Rc8 16. Ne5 O-O 17. Rfc1 Rfd8 18. Qa4 Nxe5 19. Bxe5 a6 20. Qd4 Ne8 21.
Rxc8 Bxc8 22. Rd1 f6 23. Bf4 Qxe2 24. Bxd5+ Kh8 25. Bf3 Rxd4 26. Bxe2 Rxd1+ 27.
Bxd1 Kg8 28. Kf1 Kf7 29. Ke2 Ke6 30. Ke3 Bd7 31. Kd4 Bc6 32. Bb3+ Kf5 33. Bc2+
Kg4 34. Bxh7 g5 35. Be3 b6 36. Be4 Bd7 37. Bb7 Nc7 38. Ke4 Bf5+ 39. Kd4 Bg6 40.
Kc3 Nb5+ 41. Kd2 Nd6 42. Bxa6 Ne4+ 43. Ke2 Nc5 44. Bxc5 bxc5 45. Bb7 Kh3 46. a4
Kxh2 47. a5 Kg1 48. a6 Bd3+ 49. Kxd3 Kxf2 50. g4 1-0

[Event "MCR mladeze 2014, Open B"]
[Site "Kouty nad Desnou"]
[Date "2014.03.08"]
[Round "1"]
[White "Drahorad, Daniel"]
[Black "Sadil, Pavel"]
[Result "1-0"]
[WhiteElo "2004"]
[BlackElo "1470"]
[PlyCount "78"]
[EventDate "2014.03.08"]

1. e4 c5 2. Nc3 d6 3. f4 Nf6 4. Nf3 Nc6 5. Bb5 Bd7 6. a4 a6 7. Bc4 e6 8. O-O
Be7 9. d3 O-O 10. Qe2 Nd4 11. Nxd4 cxd4 12. Nd1 e5 13. f5 Bc6 14. Bb3 d5 15.
exd5 Bxd5 16. Qxe5 Bxb3 17. cxb3 Bd6 18. Qe2 Qb6 19. Bg5 Rfe8 20. Qf3 Nd7 21.
f6 Ne5 22. Qh3 Qxb3 23. Nf2 Bf8 24. fxg7 Bxg7 25. Rad1 Qe6 26. Qxe6 Rxe6 27.
Bf4 Rae8 28. Bxe5 Rxe5 29. Ne4 R8e7 30. Rc1 b6 31. Rc6 R7e6 32. Rc4 Rd5 33.
Rc8+ Bf8 34. Nf6+ Rxf6 35. Rxf6 Rc5 36. Ra8 Rc1+ 37. Kf2 Rc2+ 38. Kf3 Rxb2 39.
Rf4 Rb4 1-0

[Event "MCR mladeze 2014, Open B"]
[Site "Kouty nad Desnou"]
[Date "2014.03.08"]
[Round "1"]
[White "Dejmal, Ondrej"]
[Black "Burgermeister, Michal"]
[Result "0-1"]
[WhiteElo "1432"]
[BlackElo "1851"]
[PlyCount "94"]
[EventDate "2014.03.08"]

1. e4 c5 2. Nf3 d6 3. d4 cxd4 4. Nxd4 Nf6 5. Nc3 g6 6. Be3 Bg7 7. f3 O-O 8. Bc4
Nc6 9. Qd2 Bd7 10. Bb3 Rc8 11. O-O-O Ne5 12. h4 h5 13. Bh6 Bxh6 14. Qxh6 Rxc3
15. bxc3 Qa5 16. Qe3 Qa3+ 17. Kd2 a5 18. Rb1 a4 19. Ra1 axb3 20. axb3 Qc5 21.
Ra2 d5 22. Rha1 dxe4 23. fxe4 Neg4 24. Qf3 e5 25. Ne2 Bc6 26. Ng3 Rd8+ 27. Kc1
Qe3+ 28. Qxe3 Nxe3 29. Ra8 Rxa8 30. Rxa8+ Kg7 31. Kd2 Nxg2 32. Ra5 Nxh4 33. Kd3
Nf3 34. Ke3 Ng5 35. b4 Ng4+ 36. Kd3 h4 37. Nf1 Bxe4+ 38. Ke2 Bf3+ 39. Ke1 Ne4
40. Rd5 Kf6 41. c4 Bg2 42. Rd3 h3 43. c5 Ke6 44. c3 f5 45. c4 f4 46. Ra3 Bxf1
47. Kxf1 Ng3+ 0-1

[Event "MCR mladeze 2014, Open B"]
[Site "Kouty nad Desnou"]
[Date "2014.03.08"]
[Round "1"]
[White "Haderka, Karel"]
[Black "Helebrand, Peter"]
[Result "1-0"]
[WhiteElo "1890"]
[BlackElo "1407"]
[PlyCount "77"]
[EventDate "2014.03.08"]

1. c4 Nf6 2. Nc3 e6 3. g3 Bb4 4. Bg2 Bxc3 5. dxc3 d6 6. Nf3 Bd7 7. Nd4 Nc6 8.
O-O e5 9. Nb3 O-O 10. c5 Be6 11. cxd6 Qxd6 12. Qc2 Bd7 13. Rd1 Qe7 14. Bg5 Rfd8
15. Rd2 g6 16. Rad1 Bf5 17. e4 Be6 18. Nc5 Rxd2 19. Rxd2 b6 20. Nxe6 Qxe6 21.
b3 Rd8 22. Rxd8+ Nxd8 23. Qd3 Qe7 24. Qa6 Nc6 25. Qb7 Qd6 26. Bxf6 Qxf6 27.
Qxc7 b5 28. Qb7 b4 29. cxb4 Qd6 30. Bf1 Nd4 31. Qa6 Qxb4 32. Kg2 Qb6 33. Bc4
Nc2 34. Bxf7+ Kxf7 35. Qc4+ Kf6 36. Qxc2 a5 37. Qc4 Qd4 38. Qxd4 exd4 39. f4
1-0

[Event "MCR mladeze 2014, Open B"]
[Site "Kouty nad Desnou"]
[Date "2014.03.08"]
[Round "1"]
[White "Novotny, Tomas"]
[Black "Nemecek, Pavel"]
[Result "0-1"]
[WhiteElo "1395"]
[BlackElo "1748"]
[PlyCount "51"]
[EventDate "2014.03.08"]

1. e4 d5 2. exd5 Nf6 3. Nc3 Nxd5 4. Nxd5 Qxd5 5. Nf3 {[%emt 0:00:00]} Bg4 6.
Be2 Nc6 7. O-O e5 8. d3 O-O-O 9. Be3 f5 10. Nh4 Bxe2 11. Qxe2 Qe6 12. Rfe1 Qf6
13. Nf3 h6 14. Bd2 Bd6 15. Bc3 Rhe8 16. Nd2 Qg6 17. Nc4 Bc5 18. Qd2 e4 19. b4
Bd4 20. Kh1 Bxc3 21. Qxc3 exd3 22. cxd3 Nd4 23. a4 f4 24. Rxe8 Qxe8 25. Rc1 Qd7
26. Re1 {Necitelny zapis} 0-1

[Event "MCR mladeze 2014, Open B"]
[Site "Kouty nad Desnou"]
[Date "2014.03.08"]
[Round "1"]
[White "Fajova, Alice"]
[Black "Bainhofner, Jiri"]
[Result "0-1"]
[WhiteElo "1337"]
[BlackElo "1839"]
[PlyCount "54"]
[EventDate "2014.03.08"]

1. c4 Nf6 2. d4 d6 3. Nc3 g6 4. Bg5 Bg7 5. Nf3 O-O 6. e4 h6 7. Bf4 Nh5 8. Qd2
Nxf4 9. Qxf4 Nd7 10. O-O-O c5 11. h4 cxd4 12. Nxd4 e5 13. Qf3 exd4 14. Nb5 Ne5
15. Qg3 Qb6 16. h5 Bg4 17. Rxd4 Rad8 18. hxg6 f5 19. Qb3 Kh8 20. Qe3 f4 21. Qd2
Nxg6 22. Rxd6 Rxd6 23. Nxd6 Kh7 24. Bd3 Ne5 25. f3 Qxd6 26. fxg4 Nxd3+ 27. Kb1
Qd4 0-1

[Event "MCR mladeze 2014, Open B"]
[Site "Kouty nad Desnou"]
[Date "2014.03.08"]
[Round "1"]
[White "Kosut, Tomas"]
[Black "Solc, Roman"]
[Result "1-0"]
[WhiteElo "1798"]
[BlackElo "1337"]
[PlyCount "79"]
[EventDate "2014.03.08"]

1. e4 Nf6 2. Nc3 d5 3. exd5 Nxd5 4. Nxd5 Qxd5 5. Nf3 Nc6 6.
Be2 e6 7. d4 Bb4+ 8. c3 Ba5 9. O-O Ne7 10. b4 Bb6 11. c4 Qf5 12. c5 Nd5 13. Ne5
Nxb4 14. Qa4+ Nc6 15. Nxc6 Bxc5 16. dxc5 Qxc5 17. Ba3 Qg5 18. Nb8+ c6 19. Nxc6
Bd7 20. Bb5 a6 21. Nd4 Bxb5 22. Nxb5 Qxb5 23. Qxb5+ axb5 24. Bc5 Kd7 25. Be3
Ke7 26. Rfb1 Rhc8 27. Rxb5 Rc7 28. a4 Rd7 29. h3 f6 30. a5 h6 31. Rab1 Ra6 32.
Rxb7 Rxa5 33. Rxd7+ Kxd7 34. Rb7+ Kc6 35. Rxg7 h5 36. Rg6 Rf5 37. Bd4 e5 38. g4
hxg4 39. hxg4 Rf4 40. Bxe5 1-0

[Event "MCR mladeze 2014, Open B"]
[Site "Kouty nad Desnou"]
[Date "2014.03.08"]
[Round "1"]
[White "Vantuch, Lucian"]
[Black "Michalek, Miroslav"]
[Result "1/2-1/2"]
[WhiteElo "1334"]
[BlackElo "1794"]
[PlyCount "114"]
[EventDate "2014.03.08"]

1. e4 c6 2. d4 d5 3. Nc3 dxe4 4. Nxe4 Bf5 5. Ng3 Bg6 6. Nf3 Nd7 7. h4 h6 8. h5
Bh7 9. Bd3 Bxd3 10. cxd3 e6 11. Bf4 Ngf6 12. Qc2 Nd5 13. Bd2 Qb6 14. O-O Be7
15. Rfe1 O-O 16. Rac1 Rac8 17. Ne5 Nxe5 18. dxe5 Rfd8 19. a3 Bh4 20. Ne4 Qd4
21. Qc4 Qxe5 22. Nc5 Qc7 23. Qxh4 Nf6 24. Bxh6 Rd5 25. Bg5 Nh7 26. Bf4 Qa5 27.
Re5 f6 28. Rxd5 cxd5 29. Nb3 Rxc1+ 30. Nxc1 Qe1+ 31. Kh2 e5 32. Nb3 exf4 33.
Qxf4 Qe7 34. Qg3 Qf7 35. Qg6 Qxg6 36. hxg6 Nf8 37. Kg3 Nxg6 38. Kf3 Kf7 39. Ke3
b6 40. Kd4 Ke6 41. g3 Ne7 42. g4 g6 43. f4 f5 44. g5 Nc6+ 45. Kc3 Kd6 46. a4
Ke6 47. Nd4+ Nxd4 48. Kxd4 Kd6 49. Kc3 a6 50. Kb4 Kc6 51. a5 b5 52. Kc3 Kc5 53.
b4+ Kc6 54. Kd4 Kd6 55. Ke3 Ke6 56. Kd2 Kd6 57. Kc2 d4 1/2-1/2

[Event "MCR mladeze 2014, Open B"]
[Site "Kouty nad Desnou"]
[Date "2014.03.08"]
[Round "1"]
[White "Prochazka, Pavel"]
[Black "Chovan, Matous"]
[Result "1/2-1/2"]
[WhiteElo "1750"]
[BlackElo "1317"]
[PlyCount "129"]
[EventDate "2014.03.08"]

1. e4 e5 2. Nc3 Nc6 3. Bc4 Nf6 4. Nge2 Bc5 5. O-O O-O 6. d3 d6
7. a3 Bg4 8. h3 Bh5 9. Bg5 Nd4 10. g4 Bxg4 11. Bxf6 Nxe2+ 12. Nxe2 Bxe2 13.
Qxe2 Qxf6 14. Qg4 Rad8 15. Kg2 c6 16. Bb3 d5 17. exd5 cxd5 18. c3 Rd6 19. Rad1
d4 20. Qf3 Qg5+ 21. Kh2 Rh6 22. Rg1 Qf4+ 23. Qxf4 exf4 24. Rg5 Bb6 25. Rd2 dxc3
26. bxc3 f3 27. Rb2 Bc7+ 28. Kg1 Rxh3 29. Bd5 b6 30. Rb4 h6 31. Rgg4 Re8 32.
Rbe4 Re5 33. c4 Kf8 34. Rgf4 Rg5+ 35. Rg4 Rxg4+ 36. Rxg4 Bh2+ 37. Kf1 Bd6 38.
a4 Rh1+ 39. Rg1 Rxg1+ 40. Kxg1 Ke7 41. d4 f5 42. Bxf3 g5 43. Kg2 Kf6 44. Bc6 h5
45. f3 g4 46. Bd7 Kg5 47. fxg4 hxg4 48. Kf2 f4 49. Bc6 Kh4 50. Kg2 g3 51. Bf3
Kg5 52. Kh3 Kf6 53. Kg4 Ke6 54. Bg2 Kd7 55. Kf5 Kc7 56. Ke6 a6 57. Kd5 Bb4 58.
Ke4 Bd2 59. Kd5 b5 60. cxb5 axb5 61. axb5 Kb6 62. Kc4 Be1 63. Bc6 Bf2 64. Bg2
Be3 65. Bf3 1/2-1/2

[Event "MCR mladeze 2014, Open B"]
[Site "Kouty nad Desnou"]
[Date "2014.03.08"]
[Round "1"]
[White "Novotny, Ondrej"]
[Black "Volanin, Jaromir"]
[Result "1-0"]
[WhiteElo "1317"]
[BlackElo "1703"]
[PlyCount "33"]
[EventDate "2014.03.08"]

1. e4 c5 2. Nc3 Nc6 3. Bc4 a6 4. Nf3 g6 5. d4 cxd4 6. Nxd4 Bg7
7. Qf3 e6 8. Nxc6 bxc6 9. Bf4 d5 10. Rd1 Qe7 11. exd5 cxd5 12. O-O Bb7 13. Bb3
O-O-O 14. Na4 Qb4 15. c3 Qb5 16. Qe3 Bc6 17. Qa7 1-0

[Event "MCR mladeze 2014, Open B"]
[Site "Kouty nad Desnou"]
[Date "2014.03.09"]
[Round "2"]
[White "Siroky, Richard"]
[Black "Drahorad, Daniel"]
[Result "0-1"]
[WhiteElo "1588"]
[BlackElo "2000"]
[PlyCount "96"]
[EventDate "2014.03.08"]

1. e4 c5 2. Nc3 Nc6 3. f4 g6 4. Nf3 Bg7 5. Bb5 Nd4 6. Bc4 d6 7. Nxd4 cxd4 8.
Ne2 e6 9. O-O Ne7 10. d3 O-O 11. c3 dxc3 12. bxc3 b5 13. Bb3 b4 14. Bd2 Ba6 15.
Rf3 Rc8 16. Rc1 bxc3 17. Bxc3 Qb6+ 18. Kh1 Bxc3 19. Nxc3 Qd4 20. Ne2 Qb2 21.
Rb1 Qg7 22. Qd2 Rc5 23. Qb2 Qxb2 24. Rxb2 Rfc8 25. Rb1 d5 26. e5 Nc6 27. Re3
Nb4 28. Rd1 R5c7 29. Kg1 Nc2 30. Rf3 Nb4 31. Kf2 Bb7 32. d4 Ba6 33. Rb1 Nc2 34.
Rd1 Bb5 35. Rd2 Nb4 36. Rd1 a5 37. a4 Ba6 38. Ke1 Bc4 39. g3 Bxb3 40. Rxb3 Rc4
41. Rb2 Nc2+ 42. Kf2 Rxa4 43. Rc1 Rac4 44. Ra2 a4 45. h3 Nxd4 46. Rxc4 Rxc4 47.
Nxd4 Rxd4 48. Ke3 Rb4 0-1

[Event "MCR mladeze 2014, Open B"]
[Site "Kouty nad Desnou"]
[Date "2014.03.09"]
[Round "2"]
[White "Burgermeister, Michal"]
[Black "Gregor, Jiri"]
[Result "1/2-1/2"]
[WhiteElo "1864"]
[BlackElo "1591"]
[PlyCount "57"]
[EventDate "2014.03.08"]

1. d4 d5 2. c4 e6 3. Nc3 Nf6 4. Bg5 Be7 5. e3 b6 6. Nf3 Bb7 7. Rc1 Nbd7 8. Bd3
O-O 9. O-O h6 10. Bh4 c5 11. cxd5 Nxd5 12. Bxe7 Qxe7 13. Bb1 cxd4 14. exd4 Rac8
15. Qd3 N7f6 16. Rfe1 Nxc3 17. bxc3 Qa3 18. Nd2 Rc7 19. Nc4 Qa6 20. Nd6 Qxd3
21. Bxd3 Bc6 22. Nb5 Bxb5 23. Bxb5 Rfc8 24. c4 Rd8 25. Rcd1 Kf8 26. f3 Ra8 27.
Ba6 Rd8 28. Kf2 Rcd7 29. Ke3 1/2-1/2

[Event "MCR mladeze 2014, Open B"]
[Site "Kouty nad Desnou"]
[Date "2014.03.09"]
[Round "2"]
[White "Lhotsky, Zdenek"]
[Black "Haderka, Karel"]
[Result "1-0"]
[WhiteElo "1539"]
[BlackElo "1858"]
[PlyCount "58"]
[EventDate "2014.03.08"]

1. e4 e6 2. d4 d5 3. e5 c5 4. c3 Nc6 5. Nf3 cxd4 6. cxd4 Bb4+ 7. Bd2 Bxd2+ 8.
Qxd2 Nge7 9. Nc3 a6 10. a3 Na5 11. Qc2 Bd7 12. b4 Nc4 13. Bxc4 dxc4 14. Ne4 Nf5
15. g4 O-O 16. gxf5 exf5 17. Nd6 Bc6 18. Qxf5 b5 19. Rg1 f6 20. Qe6+ Kh8 21.
Nf7+ Rxf7 22. Qxf7 Qf8 23. Qxf8+ Rxf8 24. Ke2 fxe5 25. Nxe5 Bd5 26. Rg3 g6 27.
Rag1 Kg7 28. a4 Rf5 29. Rg5 Rf7 1-0

[Event "MCR mladeze 2014, Open B"]
[Site "Kouty nad Desnou"]
[Date "2014.03.09"]
[Round "2"]
[White "Nemecek, Pavel"]
[Black "Ochmyt, Jakub"]
[Result "1/2-1/2"]
[WhiteElo "1816"]
[BlackElo "1579"]
[PlyCount "64"]
[EventDate "2014.03.08"]

1. e4 e6 2. d4 d5 3. Nc3 Nf6 4. exd5 exd5 5. Bd3 Nc6 6. Nge2 Nb4 7. Bg5 Be7 8.
O-O Nxd3 9. Qxd3 O-O 10. Rfe1 c6 11. Ng3 h6 12. Bf4 Bd6 13. Be5 Re8 14. Re2 Bg4
15. f3 Be6 16. Rae1 Bxe5 17. Rxe5 Nd7 18. R5e2 Qf6 19. b4 a6 20. a4 Nb6 21. Nf5
Nc4 22. Ne3 Nxe3 23. Rxe3 Bd7 24. a5 Rxe3 25. Rxe3 Qd6 26. Na2 Re8 27. g3 Rxe3
28. Qxe3 Be6 29. c3 Qd8 30. Qe2 Qg5 31. f4 Qg6 32. Nc1 Qb1 1/2-1/2

[Event "MCR mladeze 2014, Open B"]
[Site "Kouty nad Desnou"]
[Date "2014.03.09"]
[Round "2"]
[White "Havelka, Jiri"]
[Black "Kocandova, Martina"]
[Result "1-0"]
[WhiteElo "1528"]
[BlackElo "1809"]
[PlyCount "73"]
[EventDate "2014.03.08"]

1. d4 d5 2. e3 Nf6 3. c3 Bf5 4. f4 h5 5. Nf3 h4 6. Ng5 Ng4 7. h3 Nf6 8. Bd3 Qd7
9. O-O e6 10. Re1 Ne4 11. Nxe4 Bxe4 12. Be2 Be7 13. Nd2 Bh7 14. Bf3 f5 15. Be2
Bf6 16. Nf3 Qe7 17. Ne5 Bxe5 18. fxe5 Nd7 19. Qa4 c6 20. Qd1 O-O-O 21. b4 Rdg8
22. Qa4 Kb8 23. b5 c5 24. Ba3 g5 25. dxc5 Nxc5 26. Qd4 b6 27. Bb4 Qc7 28. Bxc5
bxc5 29. b6 axb6 30. Qa4 c4 31. Rab1 g4 32. Qa6 Qa7 33. Rxb6+ Ka8 34. Qb5 Qxb6
35. Qxb6 gxh3 36. Qa6+ Kb8 37. Rb1+ 1-0

[Event "MCR mladeze 2014, Open B"]
[Site "Kouty nad Desnou"]
[Date "2014.03.09"]
[Round "2"]
[White "Bainhofner, Jiri"]
[Black "Sefcik, Miroslav"]
[Result "1/2-1/2"]
[WhiteElo "1781"]
[BlackElo "1522"]
[PlyCount "84"]
[EventDate "2014.03.08"]

1. Nc3 e5 2. e4 Nf6 3. Bc4 Nc6 4. a3 d6 5. d3 Be6 6. Nd5 h6 7. c3 Be7 8. b4 a6
9. a4 Na7 10. Nxf6+ Bxf6 11. Bxe6 fxe6 12. Qh5+ Kd7 13. c4 c6 14. Be3 Qe8 15.
Qh3 g5 16. Ne2 Qg6 17. Qg3 Nc8 18. Nc3 Ne7 19. Ke2 h5 20. f3 d5 21. Bc5 d4 22.
Nd1 b5 23. Nb2 h4 24. Qf2 g4 25. axb5 axb5 26. fxg4 Qxg4+ 27. Qf3 Qxf3+ 28.
Kxf3 Rxa1 29. Rxa1 Nc8 30. cxb5 cxb5 31. Ra5 Kc6 32. h3 Rg8 33. Kf2 Rg3 34.
Ra6+ Kd7 35. Ra8 Kc7 36. Kf1 Bg5 37. Ra5 Kc6 38. Ra6+ Kd7 39. Ra5 Kc6 40. Ra8
Kc7 41. Bf8 Bd2 42. Ra5 Kc6 1/2-1/2

[Event "MCR mladeze 2014, Open B"]
[Site "Kouty nad Desnou"]
[Date "2014.03.09"]
[Round "2"]
[White "Skrabanek, Matej"]
[Black "Kosut, Tomas"]
[Result "0-1"]
[WhiteElo "1487"]
[BlackElo "1777"]
[PlyCount "52"]
[EventDate "2014.03.08"]

1. e4 c5 2. Nf3 d6 3. d4 cxd4 4. Nxd4 Nf6 5. Nc3 g6 6. Be3 Bg7 7. Be2 Nc6 8.
Nb3 O-O 9. O-O a6 10. f4 b5 11. Bf3 Bb7 12. Qe2 Qc7 13. Rad1 b4 14. Na4 Nd7 15.
c3 a5 16. Kh1 Nd8 17. Qf2 bxc3 18. Rc1 Bc6 19. Nxc3 Qb7 20. Nd4 e5 21. Nxc6
Nxc6 22. Nd5 Nf6 23. Rxc6 exf4 24. Nxf6+ Bxf6 25. Rb6 fxe3 26. e5 Qxb6 0-1

[Event "MCR mladeze 2014, Open B"]
[Site "Kouty nad Desnou"]
[Date "2014.03.09"]
[Round "2"]
[White "Svoboda, Filip"]
[Black "Helebrand, Frantisek"]
[Result "1/2-1/2"]
[WhiteElo "1481"]
[BlackElo "1679"]
[PlyCount "42"]
[EventDate "2014.03.08"]

1. e4 e6 2. d4 d5 3. exd5 exd5 4. Bd3 Bd6 5. Ne2 Nf6 6. O-O O-O 7. Bf4 Bg4 8.
Bg3 Nc6 9. c3 Ne7 10. Re1 Bxg3 11. hxg3 Bf5 12. Bxf5 Nxf5 13. Nf4 c6 14. Nd2
Nd6 15. Nh5 Nxh5 16. Qxh5 Qb6 17. Nb3 Rae8 18. Qh4 Qc7 19. Nc5 b6 20. Na6 Qd7
21. Qf4 Nc4 1/2-1/2

[Event "MCR mladeze 2014, Open B"]
[Site "Kouty nad Desnou"]
[Date "2014.03.09"]
[Round "2"]
[White "Suchomel, Jaromir"]
[Black "Miratsky, Petr"]
[Result "0-1"]
[WhiteElo "1268"]
[BlackElo "1637"]
[PlyCount "51"]
[EventDate "2014.03.08"]

1. d4 c5 2. Nf3 cxd4 3. Nxd4 Nc6 4. Nxc6 bxc6 5. Bf4 Nf6 6. h3 d5 7. e3 e6 8.
a3 Bd6 9. Bxd6 Qxd6 10. Be2 O-O 11. O-O Bb7 12. Nd2 Rad8 13. c3 c5 14. Qb3 Ba8
15. Qa4 Bc6 16. Qh4 e5 17. f4 d4 18. Nc4 Qc7 19. cxd4 cxd4 20. exd4 Rxd4 21.
Rac1 Qb8 22. b4 Bb5 23. Rce1 Rc8 24. Qf2 Rdxc4 25. Bxc4 Bxc4 26. Rc1 {
necitelny zapis} 0-1

[Event "MCR mladeze 2014, Open B"]
[Site "Kouty nad Desnou"]
[Date "2014.03.10"]
[Round "3"]
[White "Drahorad, Daniel"]
[Black "Kocourek, Jiri"]
[Result "1-0"]
[WhiteElo "2000"]
[BlackElo "1602"]
[PlyCount "67"]
[EventDate "2014.03.08"]

1. e4 d5 2. exd5 Nf6 3. d4 Bg4 4. f3 Bf5 5. g4 Bg6 6. c4 e6 7. dxe6 Nc6 8. g5
Bb4+ 9. Kf2 fxe6 10. gxf6 Qxf6 11. Be3 O-O-O 12. Ne2 Ne5 13. Nf4 Rhf8 14. h4
Bf5 15. Nd2 Nc6 16. Nb3 Bd6 17. Ng2 h6 18. Kg1 g5 19. h5 Nb4 20. Ne1 g4 21. f4
e5 22. fxe5 Bxe5 23. dxe5 Qxe5 24. Qe2 Qg3+ 25. Ng2 Bd3 26. Bf2 Qf3 27. Qxf3
gxf3 28. Nh4 Rg8+ 29. Kh2 Bxf1 30. Rhxf1 Rg5 31. Bg3 Rxh5 32. Rxf3 b6 33. Rf7
Rc5 34. Nxc5 1-0

[Event "MCR mladeze 2014, Open B"]
[Site "Kouty nad Desnou"]
[Date "2014.03.10"]
[Round "3"]
[White "Kosut, Tomas"]
[Black "Lhotsky, Zdenek"]
[Result "1-0"]
[WhiteElo "1777"]
[BlackElo "1539"]
[PlyCount "57"]
[EventDate "2014.03.08"]

1. e4 c5 2. Nf3 d6 3. d4 cxd4 4. Nxd4 Nf6 5. Nc3 a6 6. Be2 e5 7. Nb3 Be7 8. O-O
O-O 9. Kh1 b5 10. a3 Bb7 11. Bf3 Nbd7 12. Be3 Rc8 13. Qe2 Nb6 14. Na5 Ba8 15.
Rfd1 Nc4 16. Nxc4 Rxc4 17. a4 Nxe4 18. axb5 Nxc3 19. Qxc4 Bxf3 20. Rg1 Ne2 21.
gxf3 Nxg1 22. Rxg1 d5 23. Qg4 g6 24. bxa6 Qa5 25. Qd7 Bf6 26. a7 Rd8 27. Qb7 d4
28. Bd2 Qc5 29. a8=Q 1-0

[Event "MCR mladeze 2014, Open B"]
[Site "Kouty nad Desnou"]
[Date "2014.03.10"]
[Round "3"]
[White "Miratsky, Petr"]
[Black "Havelka, Jiri"]
[Result "0-1"]
[WhiteElo "1637"]
[BlackElo "1528"]
[PlyCount "70"]
[EventDate "2014.03.08"]

1. e4 c5 2. Nf3 e6 3. d4 cxd4 4. Nxd4 a6 5. Nc3 Qc7 6. Bd3 Bb4 7. Bd2 Nf6 8.
O-O Nc6 9. Nf3 O-O 10. a3 Bc5 11. b4 Ba7 12. Ne2 b5 13. Bf4 e5 14. Bg5 Qd6 15.
Ng3 h6 16. Nf5 Qc7 17. Nxh6+ gxh6 18. Bxf6 Qd6 19. Bh4 Qg6 20. c4 bxc4 21. Bxc4
d6 22. Bd5 Bd7 23. Rc1 Rac8 24. Qb3 Nd4 25. Nxd4 Bxd4 26. Kh1 Qh5 27. Be7 Rxc1
28. Rxc1 Rc8 29. Rxc8+ Bxc8 30. Bxd6 Qe2 31. Bxf7+ Kh8 32. Qb1 Bh3 33. gxh3
Qf3+ 34. Kg1 Qxf2+ 35. Kh1 Qf3# 0-1

[Event "MCR mladeze 2014, Open B"]
[Site "Kouty nad Desnou"]
[Date "2014.03.10"]
[Round "3"]
[White "Zilava, Katerina"]
[Black "Sebesta, Petr"]
[Result "1-0"]
[WhiteElo "1475"]
[BlackElo "1623"]
[PlyCount "75"]
[EventDate "2014.03.08"]

1. e4 c5 2. Nf3 d6 3. Nc3 Nf6 4. d4 cxd4 5. Nxd4 a6 6. Bg5 e6 7. Bc4 Be7 8.
Bxf6 Bxf6 9. O-O O-O 10. Qd3 Nd7 11. Nf3 Nc5 12. Qe3 b5 13. Bb3 Qe7 14. Rfe1
Bb7 15. e5 dxe5 16. Nxe5 b4 17. Na4 Bxe5 18. Nxc5 Bxb2 19. Rad1 Rad8 20. Nxb7
Qxb7 21. Qg5 Qb6 22. h4 Bf6 23. Qg4 Bd4 24. Qe2 Rd6 25. Rd3 Rfd8 26. Red1 a5
27. Qe4 h6 28. c4 bxc3 29. Bc2 f5 30. Qf3 Qc5 31. Qb7 Kh8 32. Kh1 Bxf2 33. Rxd6
Rxd6 34. Qb8+ Kh7 35. Qxd6 Qe3 36. Qd7 Qf4 37. Qe7 Bxh4 38. Qxe6 1-0

[Event "MCR mladeze 2014, Open B"]
[Site "Kouty nad Desnou"]
[Date "2014.03.10"]
[Round "3"]
[White "Helebrand, Frantisek"]
[Black "Martirosyan, Artyom"]
[Result "1/2-1/2"]
[WhiteElo "1679"]
[BlackElo "1000"]
[PlyCount "51"]
[EventDate "2014.03.08"]

1. e4 c5 2. Nf3 Nc6 3. d4 cxd4 4. Nxd4 g6 5. Nc3 Bg7 6. Be3 d6 7. Bc4 Nf6 8. h3
Qa5 9. O-O Qb4 10. Bb3 Nxe4 11. Nxc6 bxc6 12. a3 Nxc3 13. Bxf7+ Kf8 14. Qf3 Qe4
15. Bd5+ Qxf3 16. Bxf3 Nb5 17. Bxc6 Rb8 18. c3 Be6 19. Rfe1 Kf7 20. Re2 Rhc8
21. Bxb5 Rxb5 22. Bxa7 Bf6 23. a4 Rxb2 24. Rxb2 Bxc3 25. Rbb1 Bxa1 26. Rxa1
1/2-1/2

[Event "MCR mladeze 2014, Open B"]
[Site "Kouty nad Desnou"]
[Date "2014.03.10"]
[Round "3"]
[White "Ochmyt, Jakub"]
[Black "Burgermeister, Michal"]
[Result "0-1"]
[WhiteElo "1579"]
[BlackElo "1864"]
[PlyCount "40"]
[EventDate "2014.03.08"]

1. d4 Nf6 2. c4 g6 3. Nf3 Bg7 4. Nc3 O-O 5. e4 d6 6. Bd3 Nbd7 7. O-O e5 8. d5
a5 9. h3 Nc5 10. Be3 b6 11. Bxc5 bxc5 12. b3 Nh5 13. Ne2 f5 14. Ng3 Nf4 15. Bc2
Bd7 16. Qb1 Qc8 17. Kh2 fxe4 18. Bxe4 Bxh3 19. Ng5 Bf5 20. Qc2 h6 {
necitelny zapis} 0-1

[Event "MCR mladeze 2014, Open B"]
[Site "Kouty nad Desnou"]
[Date "2014.03.10"]
[Round "3"]
[White "Sefcik, Miroslav"]
[Black "Nemecek, Pavel"]
[Result "1/2-1/2"]
[WhiteElo "1522"]
[BlackElo "1816"]
[PlyCount "117"]
[EventDate "2014.03.08"]

1. e4 e5 2. Nf3 Nf6 3. Nc3 Bb4 4. d3 Nc6 5. Bg5 h6 6. Bh4 d6 7. a3 Bxc3+ 8.
bxc3 g5 9. Bg3 Ne7 10. h3 Ng6 11. Be2 Qe7 12. Qd2 Nf4 13. Bxf4 exf4 14. Nh2 Be6
15. Ng4 Nd7 16. f3 f5 17. exf5 Bxf5 18. Nf2 O-O-O 19. O-O Rde8 20. Rfe1 d5 21.
d4 Qe3 22. Qxe3 Rxe3 23. Bd3 Bxd3 24. Nxd3 Rhe8 25. Kf2 Nb6 26. Rxe3 Rxe3 27.
g3 Nc4 28. gxf4 gxf4 29. a4 c6 30. Re1 Rxe1 31. Kxe1 Na3 32. Nxf4 Nxc2+ 33. Kd2
Na3 34. Ne6 Nc4+ 35. Kc2 b6 36. Ng7 Nd6 37. Kd3 a5 38. Ne6 Kd7 39. Nf4 Nf5 40.
c4 dxc4+ 41. Kxc4 Nh4 42. d5 Nxf3 43. dxc6+ Kxc6 44. Nd3 Nd2+ 45. Kc3 Ne4+ 46.
Kc4 Nc5 47. Ne5+ Kd6 48. Nf7+ Ke6 49. Nxh6 Nxa4 50. Kb5 Nc3+ 51. Kc4 Nd5 52.
Ng4 a4 53. Nf2 b5+ 54. Kxb5 a3 55. Ne4 a2 56. Nc5+ Kf5 57. Nb3 Nf4 58. Ka4 Ne2
59. Ka3 1/2-1/2

[Event "MCR mladeze 2014, Open B"]
[Site "Kouty nad Desnou"]
[Date "2014.03.10"]
[Round "3"]
[White "Ruzek, Tomas"]
[Black "Bainhofner, Jiri"]
[Result "0-1"]
[WhiteElo "1250"]
[BlackElo "1781"]
[PlyCount "111"]
[EventDate "2014.03.08"]

1. e4 e5 2. Nf3 Nc6 3. Nc3 Bc5 4. Nxe5 Bxf2+ 5. Kxf2 Nxe5 6. d4 Ng6 7. Bc4 d6
8. Rf1 Nf6 9. Kg1 Be6 10. Bxe6 fxe6 11. Bg5 O-O 12. Qe2 e5 13. dxe5 Nxe5 14.
Rf2 h6 15. Bh4 g5 16. Bg3 Qe7 17. Bxe5 dxe5 18. Qc4+ Kg7 19. Nd5 Nxd5 20. Qxd5
Rxf2 21. Kxf2 c6 22. Qb3 Rf8+ 23. Kg1 Qc5+ 24. Kh1 b5 25. h3 Rf6 26. a3 Qf8 27.
Qd3 Qd6 28. Kg1 Qd4+ 29. Qxd4 exd4 30. e5 Re6 31. Rd1 c5 32. b4 cxb4 33. axb4
Rxe5 34. Rxd4 Kf6 35. Kf2 a6 36. g4 Re6 37. Kf3 Rc6 38. Kg3 Ke5 39. Rd7 Rc3+
40. Kg2 Rxc2+ 41. Kf3 Rc3+ 42. Kg2 Rc6 43. Kf3 Rd6 44. Re7+ Kd5 45. Ke3 Kc4 46.
Re4+ Kb3 47. Ke2 Rc6 48. Kd3 Rc3+ 49. Kd2 Rxh3 50. Re6 Kxb4 51. Rxa6 Kb3 52.
Ke2 b4 53. Kf2 Kb2 54. Kg2 Rh4 55. Kg3 b3 56. Re6 {necitelny zapis} 0-1